00409 a2200145 4500010001400000020002300014035001300037037001500050082001300065100002300078245005100101260003800152270004600190300002700236 aENG-86767 c210.00a8183332102 aEN-70300 bDBAD / PUB14a658.4022 aBrown, M.Katherine1 aManaging virtual teams /cby M.Katherine Brown aNew DelhibBPB Publicationsc2007 aB-14, Connaught PlacebNew Delhie110 001 axiii, 385pc23cm (pbk)